Highways agency (Record no. 100112)

MARC details
000 -LEADER
fixed length control field 00789cam a2200205 4500
008 - FIXED-LENGTH DATA ELEMENTS--GENERAL INFORMATION
fixed length control field 000000n1999 000 0 eng u
020 ## - INTERNATIONAL STANDARD BOOK NUMBER
International Standard Book Number 0105566217
035 ## - SYSTEM CONTROL NUMBER
System control number (Sirsi) u103266
050 ## - LIBRARY OF CONGRESS CALL NUMBER
Classification number 350.713
-- 18
110 ## - MAIN ENTRY--CORPORATE NAME
Corporate name or jurisdiction name as entry element United Kingdom
Subordinate unit National Audit Office
9 (RLIN) 1350
245 ## - TITLE STATEMENT
Title Highways agency
Remainder of title getting the best value from the disposal of property
260 ## - PUBLICATION, DISTRIBUTION, ETC.
Place of publication, distribution, etc. London
Name of publisher, distributor, etc. Stationery Office
Date of publication, distribution, etc. 1999
350 ## - PRICE (NR) (BK AM CF MU VM SE) [OBSOLETE]
Price 10.15
490 ## - SERIES STATEMENT
Series statement HC
Volume/sequential designation 58
520 ## - SUMMARY, ETC.
Summary, etc. Report considering whether the Highways Agency has achieved best value in disposing of surplus property. View at www.nao.gov.uk.
650 ## - SUBJECT ADDED ENTRY--TOPICAL TERM
Topical term or geographic name entry element SURPLUS PROPERTY
690 ## - LOCAL SUBJECT ADDED ENTRY--TOPICAL TERM (OCLC, RLIN)
Topical term or geographic name as entry element PROPERTY MANAGEMENT
9 (RLIN) 6262
856 ## - ELECTRONIC LOCATION AND ACCESS
Uniform Resource Identifier <a href="https://www.nao.gov.uk/publications/nao_reports/1999-00.htm">https://www.nao.gov.uk/publications/nao_reports/1999-00.htm</a>
Public note View the report on the NAO website...
942 ## - ADDED ENTRY ELEMENTS (KOHA)
Suppress in OPAC 0
Holdings
Withdrawn status Lost status Source of classification or shelving scheme Damaged status Not for loan Home library Current library Shelving location Date acquired Total Checkouts Full call number Barcode Date last seen Copy number Price effective from Koha item type
    Dewey Decimal Classification     Virtual Virtual Online 05/02/2004   ONLINE PUBLICATION 103266-2001 06/08/2019 1 06/08/2019 Book